Ranking FIFA w Futsalu - Statystyki

Ogólne statystyki
  • Ten quiz został rozwiązany 218 razy
    66 od ostatniego zresetowania
  • Średni wynik to 20 z 30
Statystyki odpowiedzi
Ranking Reprezentacja % Poprawnych
17 Polska
98%
1 Brazylia
97%
5 Argentyna
92%
2 Hiszpania
92%
10 Francja
90%
3 Portugalia
89%
4 Rosja
89%
9 Ukraina
85%
11 Japonia
84%
12 Włochy
80%
16 Serbia
77%
23 Kolumbia
75%
14 Chorwacja
74%
22 Czechy
74%
18 Słowenia
67%
19 Urugwaj
67%
13 Paragwaj
61%
25 Rumunia
61%
7 Iran
59%
8 Maroko
59%
6 Kazachstan
57%
30 Węgry
57%
24 Wenezuela
51%
27 Białoruś
49%
14 Finlandia
48%
29 Uzbekistan
44%
21 Gruzja
41%
25 Tajlandia
38%
20 Azerbejdżan
36%
28 Kostaryka
31%
Nie znaleziono quizów pasujących do podanych kryteriów
Rozkład punktacji
Procent ludzi z każdym wynikiem
Percentyl według liczby udzielonych odpowiedzi
Twoja historia wyników
Nie rozwiązałeś tego quizu od ostatniego zresetowania